000
00278nam a2200121Ia 4500
008
190216s9999||||xx |||||||||||||| ||und||
100
_a
Mondal Cr
245
0
_a
Classical Mechanics
260
_b
Pentice Hall Of India
_c
2002
300
_a
158p
650
_a
Physics
942
_c
BK
999
_c
33716
_d
33716